000 00511nam a22001817a 4500
003 NUST - PNEC
005 20170116180823.0
008 150625b xxu||||| |||| 00| 0 eng d
020 _a0074600133
040 _cLIBRAY
082 _a515.620 ANT
100 _94220
_aAntia, H. M.
245 _aNumerical methods for scientists and engineers
_cH M Antia
260 _aNew Delhi
_bTata mcgraw-hill publishing company
_cc1991.
300 _a977 p. :
650 _94221
_aNumerical analysis
_xMe
942 _2ddc
_cBK
999 _c63800
_d63800